000 02395nam0a2200397 4500
001 RU\NLR\BIBL_A\011536269
005 20260406084144.0
020 _aRU
_b9869
_9Сводный каталог листовок первых лет Советской власти (25 октября (7 ноября) 1917 - 1925) Т.4 (Ч.2). Листовки советских, партийных, профсоюзных, комсомольских и других организаций губерний РСФСР
035 _a(NLR Aleph) 011536269
090 _a12171600
_c12171600
100 _a20171122d1919 |||y0rusy50 ca
101 0 _arus
102 _aRU
105 _ay z 000zy
135 _acrcn 024anaba
200 1 _aПочему надо разбить Колчака и для чего нужна волостная мобилизация?
_e[листовка]
210 _aПенза
_cЭкспедиция заготовления гос. бумаг
_d[1919]
215 _a1 с. в 2 стб.
_d48х31
300 _aПодписи: Пензенский губернский комитет Российской коммунистической партии (большевиков); Пензенский губернский исполнительный комитет Советов рабочих, крестьянских и красноармейских депутатов
325 _aКопия доступна в Электрон. б-ке РНБ
607 _aРСФСР
_jЛистовки
_xПолитика и управление
_y1917 - 1925
_92312782
_3RU\NLR\auth\6601609564
686 0 _aТ3(2)71-313,011
702 1 _4570
_7ca
_8rus
_aКолчак
_bА. В.
_f1874-1920
_gАлександр Васильевич
_935202
_3RU\NLR\AUTH\7752269
711 0 2 _aРКП(б)
_bПензенский губернский комитет
_9556264
_3RU\NLR\AUTH\880446334
852 0 0 _aNLR
_bФЛ
_j43/91
856 0 _uhttps://vivaldi.nlr.ru/ll700001171/view
856 1 _uhttps://vivaldi.nlr.ru/ll700001171/cover
856 2 _uhttps://vivaldi.nlr.ru/ll700001171/text
942 _cBOOK
980 _aNB
981 2 1 _a(21) Листовки
_b(21) Листовки 1919 года